Statistics for Countries with shortest Olympic medals per capita ratio

Click here to take the quiz!

General Stats

  • This quiz has been taken 20 times
  • The average score is 10 of 15

Answer Stats

Capita per medalAnswer% Correct
8635Sweden
85%
13528Norway
85%
13881Denmark
80%
20838Australia
80%
7836Finland
75%
15774New Zealand
75%
8573Hungary
70%
21659Cuba
70%
15032Jamaica
65%
18964Switzerland
65%
18828Estonia
60%
10716Bahamas
50%
18470Grenada
45%
16150Bulgaria
40%
16159East Germany
25%

Score Distribution

Percentile by Number Answered

Percent of People with Each Score

Your Score History

You have not taken this quiz